|
|
แสดงรายละเอียดบรรณานุกรม |
|
|
Brief Record
: Get Marc (ISO 2709)
: E-mail record
: |
| LEADER 00000nama 2200000uu 4500 | |||
| 001 197547 | |||
| 003 ULIBM | |||
| 008 040531s|||| th m m a000 0 tha d | |||
| 020 978-974-8072-56-2 | |||
| 041 tha | |||
| 050 BQ552 พ349จ 2550 | |||
| 100 พระพรหมคุณาภรณ์ (ป.อ.ปยุตโต). | |||
| 245 เจาะหาความจริงเรื่องศาสนาประจำชาติ/พระพรหมคุณาภรณ์ (ป.อ. ปยุตโต). | |||
| 250 พิมพ์ครั้งที่ 5. | |||
| 260 กรุงเทพฯ. สภาองค์กรพระพุทธศาสนาแห่งประเทศไทย. 2550. | |||
| 300 85หน้า. | |||
| 650 1.พระพุทธศาสนา--ไทย. | |||
| 995 001 | |||
| คุณยังไม่ได้ล็อกอิน คุณสามารถมีกิจกรรมร่วมกับเว็บไซต์ได้ แต่ต้องล็อกอินก่อน :: |
|
| สถานะ | |||||||||
| 1. | หนังสือทั่วไป สถานะ=หนังสือเก่า - บริการ ณ ห้องสมุด (ห้องเหลือง) | BQ552 พ349จ 2550 | On Shelf ขอยืม | ||||||
| [แสดง 1/1 รายการ] | |||||||||
BibComment |
| คอมเมนท์ทรัพยากรรายการนี้ |
|
|